| 000 -LEADER |
| fixed length control field |
02761cam a2200421 i 4500 |
| 001 - CONTROL NUMBER |
| control field |
17725284 |
| 003 - CONTROL NUMBER IDENTIFIER |
| control field |
NUST |
| 005 - DATE AND TIME OF LATEST TRANSACTION |
| control field |
20170517155020.0 |
| 008 - FIXED-LENGTH DATA ELEMENTS--GENERAL INFORMATION |
| fixed length control field |
130501s2014 ilua b 001 0 eng |
| 010 ## - LIBRARY OF CONGRESS CONTROL NUMBER |
| LC control number |
2013017879 |
| 020 ## - INTERNATIONAL STANDARD BOOK NUMBER |
| International Standard Book Number |
9780736093408 (print) |
| 020 ## - INTERNATIONAL STANDARD BOOK NUMBER |
| International Standard Book Number |
0736093400 (print) |
| 035 ## - SYSTEM CONTROL NUMBER |
| System control number |
(DNLM)101607317 |
| 040 ## - CATALOGING SOURCE |
| Original cataloging agency |
DNLM/DLC |
| Transcribing agency |
RCMS |
| Description conventions |
rda |
| Modifying agency |
DLC |
| 042 ## - AUTHENTICATION CODE |
| Authentication code |
pcc |
| 050 00 - LIBRARY OF CONGRESS CALL NUMBER |
| Classification number |
QP303 |
| Item number |
.R585 2014 |
| 060 10 - NATIONAL LIBRARY OF MEDICINE CALL NUMBER |
| Classification number |
WE 103 |
| 082 00 - DEWEY DECIMAL CLASSIFICATION NUMBER |
| Classification number |
612.7/6072 |
| Edition number |
23 |
| 100 1# - MAIN ENTRY--PERSONAL NAME |
| Personal name |
D. Gordon E. Robertson |
| Dates associated with a name |
1950- |
| Relator term |
author. |
| 9 (RLIN) |
993 |
| 245 10 - TITLE STATEMENT |
| Title |
Research methods in biomechanics / |
| Statement of responsibility, etc. |
D. Gordon E. Robertson, University of Ottawa, Graham E. Caldwell, University of Massachusetts, Amherst, Joseph Hamill, University of Massachusetts, Gary Kamen, University of Massachusetts, Saunders N. Whittlesey. |
| 250 ## - EDITION STATEMENT |
| Edition statement |
Second edition. |
| 264 #1 - PRODUCTION, PUBLICATION, DISTRIBUTION, MANUFACTURE, AND COPYRIGHT NOTICE |
| Place of production, publication, distribution, manufacture |
Champaign, Illinois: |
| Name of producer, publisher, distributor, manufacturer |
Human Kinetics, |
| Date of production, publication, distribution, manufacture, or copyright notice |
c2014. |
| 300 ## - PHYSICAL DESCRIPTION |
| Extent |
xii, 428 pages : |
| Other physical details |
illustrations ; |
| Dimensions |
29 cm |
| 336 ## - CONTENT TYPE |
| Content type term |
text |
| Source |
rdacontent |
| 337 ## - MEDIA TYPE |
| Media type term |
unmediated |
| Source |
rdamedia |
| 338 ## - CARRIER TYPE |
| Carrier type term |
volume |
| Source |
rdacarrier |
| 504 ## - BIBLIOGRAPHY, ETC. NOTE |
| Bibliography, etc. note |
Includes bibliographical references (pages 395-413) and index. |
| 505 0# - FORMATTED CONTENTS NOTE |
| Formatted contents note |
Planar kinematics / D. Gordon E. Robertson and Graham E. Caldwell -- Three-dimensional kinematics / Joseph Hamill, W. Scott Selbie, and Thomas M. Kepple -- Body segment parameters / D. Gordon E. Robertson -- Forces and their measurement / Graham E. Caldwell, D. Gordon E. Robertson, and Saunders N. Whittlesey -- Two-dimensional inverse dynamics / Saunders N. Whittlesey and D. Gordon E. Robertson -- Energy, work, and power / D. Gordon E. Robertson -- Three-dimensional kinetics / W. Scott Selbie, Joseph Hamill, and Thomas Kepple -- Electromyographic kinesiology / Gary Kamen -- Muscle modeling / Graham E. Caldwell -- Computer simulation of human movement / S.N. Whittlesey and J. Hamill -- Musculoskeletal modeling / Brian R. Umberger and Graham E. Caldwell -- Signal processing / Timothy R. Derrick and D. Gordon E. Robertson -- Dynamical systems analysis of coordination / Richard E.A. Van Emmerik, Ross H. Miller, and Joseph Hamill -- Analysis of biomechanical waveform data / Kevin J. Deluzio, Andrew J. Harrison, Norma Coffey, and Graham E. Caldwell. |
| 538 ## - SYSTEM DETAILS NOTE |
| Display text |
Shelf # 11, Row # 6, Mechanical & Aerospace. |
| 650 12 - SUBJECT ADDED ENTRY--TOPICAL TERM |
| Topical term or geographic name entry element |
Biomechanics. |
| 9 (RLIN) |
994 |
| 650 22 - SUBJECT ADDED ENTRY--TOPICAL TERM |
| Topical term or geographic name entry element |
Research Design. |
| 9 (RLIN) |
995 |
| 700 1# - ADDED ENTRY--PERSONAL NAME |
| Personal name |
Graham E. Caldwell |
| Dates associated with a name |
1954- |
| Relator term |
author. |
| 9 (RLIN) |
996 |
| 700 1# - ADDED ENTRY--PERSONAL NAME |
| Personal name |
Hamill, Joseph, |
| Dates associated with a name |
1946- |
| Relator term |
author. |
| 9 (RLIN) |
997 |
| 700 1# - ADDED ENTRY--PERSONAL NAME |
| Personal name |
Kamen, Gary, |
| Relator term |
author. |
| 9 (RLIN) |
998 |
| 700 1# - ADDED ENTRY--PERSONAL NAME |
| Personal name |
Whittlesey, Saunders N., |
| Relator term |
author. |
| 9 (RLIN) |
999 |
| 856 ## - ELECTRONIC LOCATION AND ACCESS |
| Materials specified |
Table of Contents Only. |
| 906 ## - LOCAL DATA ELEMENT F, LDF (RLIN) |
| a |
7 |
| b |
cbc |
| c |
orignew |
| d |
1 |
| e |
ecip |
| f |
20 |
| g |
y-gencatlg |
| 942 ## - ADDED ENTRY ELEMENTS (KOHA) |
| Source of classification or shelving scheme |
|
| Koha item type |
Book |